Motor Transport Fundamentals : International Series International Series
Descripción Física:
35 p. ; 21 cm
Otros Autores:
National Automobile Chamber of Commerce
Materias:
Circulació – Estats Units
MARC
| LEADER | 00000nam a2200000Ia 4500 | ||
|---|---|---|---|
| 001 | 24423 | ||
| 008 | 160829s9999 xx 000 0 cat d | ||
| 080 | |a FU-67-9 | ||
| 245 | |a Motor Transport Fundamentals : |b International Series | ||
| 260 | |a New York : |b National Automobile Chamber of Commerce, [s.a.] | ||
| 300 | |a 35 p. ; |c 21 cm | ||
| 590 | |a Text en anglès. | ||
| 590 | |a Text en dos columnes. | ||
| 590 | |a Text en anglès, francès, alemany i castellà | ||
| 650 | |a Circulació – Estats Units |9 50179 | ||
| 700 | |a National Automobile Chamber of Commerce |9 50180 | ||
| 856 | 4 | |u https://media.diba.cat/diba/fitxers/arxiu/fulletons/bib_24423_baixa.pdf |y Accés lliure | |
| 856 | 4 | |u https://media.diba.cat/diba/fitxers/arxiu/fulletons/bib_24423_baixa.pdf |y Accés lliure | |
| 901 | |a Arxiu | ||
| 942 | |n 1 | ||
| 952 | |0 0 |1 0 |4 0 |6 FU679 |7 1 |9 55822 |a Arxiu |b Arxiu |d 2016-12-01 |l 0 |o FU-67-9 |p 24423 |r 2016-12-01 00:00:00 |w 2016-12-01 |y ARXIU | ||
| 999 | |c 59695 |d 59695 | ||